The theory and practice of the art of designing fancy cotton and woollen cloths from sample. : Giving full instructions for reducing drafts; as well as the methods of spooling and making out harness for cross drafts and finding any required reed; with calculations and tables of yarn. /

Bibliographic Details
Main Author: Ashton, Frederick T.
Format: Book
Language:English
Published: Philadelphia: : London: : Henry Carey Baird, industrial publisher, No. 406 Walnut Street. ; Sampson Low, Marston, Low & Searle, Crown Buildings, 188 Fleet Street., 1874.
Subjects:

MARC

Tag First Indicator Second Indicator Subfields
LEADER 00000cam a2200000Ma 4500
001 in00000093732
005 20231211125226.0
008 021031s1874 pauadf 000 0 eng d
010 |a  08037282  
019 |a 1411471  |a 46312305 
029 1 |a AU@  |b 000027037675 
035 |a (OCoLC)ocm80538137  
035 |a (OCoLC)80538137  |z (OCoLC)1411471  |z (OCoLC)46312305 
035 |a (OCoLC)ocm80538137  
040 |a AOX  |b eng  |e dcrb  |c AOX  |d TLM  |d OCLCF  |d OCLCO  |d OCLCQ  |d OCLCO 
050 0 |a TS1475  |b .A82 
082 0 4 |a 677 
100 1 |a Ashton, Frederick T. 
245 1 4 |a The theory and practice of the art of designing fancy cotton and woollen cloths from sample. :  |b Giving full instructions for reducing drafts; as well as the methods of spooling and making out harness for cross drafts and finding any required reed; with calculations and tables of yarn. /  |c By Frederick T. Ashton, designer, West Pittsfield, Mass. With fifty-two illustrations. 
246 1 6 |a Designing fancy cotton and woollen cloths 
246 1 8 |a Art of designing cotton and woollen cloths 
260 |a Philadelphia: :  |b Henry Carey Baird, industrial publisher, No. 406 Walnut Street. ;  |a London: :  |b Sampson Low, Marston, Low & Searle, Crown Buildings, 188 Fleet Street.,  |c 1874. 
300 |a vii, [1], 10, [2], 11-62, [2] p., [9] double leaves of plates :  |b ill., charts ;  |c 40 cm. 
336 |a text  |b txt  |2 rdacontent 
337 |a unmediated  |b n  |2 rdamedia 
338 |a volume  |b nc  |2 rdacarrier 
500 |a Copyright 1872 by Frederick T. Ashton. 
500 |a "Collins, printer."--Title page verso. 
650 0 |a Textile design. 
650 6 |a Textiles et tissus  |x Dessins. 
650 7 |a Textile design.  |2 fast  |0 (OCoLC)fst01148616 
655 7 |a Bookplates (Provenance)  |2 rbprov 
948 |h HELD BY TXA - 13 OTHER HOLDINGS 
994 |a Z0  |b TXA 
999 f f |s 7ef68be4-3e19-3002-9313-53452c93ac00  |i ed49d761-4fac-3500-b020-0876bebcdb42  |t 0 
952 f f |p ric  |a Texas A&M University  |b Rellis Campus  |c Joint Library Facility  |d Remote Storage  |t 0  |e TS1475 .A82  |f Oversize  |h Library of Congress classification  |i unmediated -- volume  |m A14805843727 
998 f f |a TS1475 .A82  |t 0  |l Remote Storage